00385nam a22001337a 450000500170000000800410001704100230005808200130008110000230009424500400011726000370015730000310019465000260022520240828093334.0240828b |||||||| |||| 00| 0 eng d aEnglish/Afrikaans  a349 LAW  lEnglish/Afrikaans  aThe Laws of South West Africa 1981  aWindhoek: bBy Authority, c1981 bxxxv, 327 pages; c25 cm.  aLegal practice bLaw